Vocabulari de luminotècnia / Lluís Marquet i Ferigle
ISBN:
84-7283-024-1
Descripción Física:
31 p., [6] p. ; 25 cm
Colección:
Arxius de la Secció de Ciències ; 58
Materias:
Luminotècnia -- Terminologia
MARC
| LEADER | 00000nam a2200000Ia 4500 | ||
|---|---|---|---|
| 001 | 8904 | ||
| 008 | 160829s1979 xx 000 0 cat d | ||
| 020 | |a 84-7283-024-1 | ||
| 080 | |a FU-4-15 | ||
| 100 | |a Marquet, Lluís |9 23408 | ||
| 245 | |a Vocabulari de luminotècnia / Lluís Marquet i Ferigle | ||
| 260 | |a Barcelona : |b Institut d'Estudis Catalans. Secció de Ciències, |c 1979 | ||
| 300 | |a 31 p., [6] p. ; |c 25 cm | ||
| 490 | |a Arxius de la Secció de Ciències ; 58 | ||
| 590 | |a Premi Marià Aguiló, 1972. | ||
| 650 | |a Luminotècnia |x Terminologia |9 23409 | ||
| 710 | 1 | |a Institut d'Estudis Catalans. |b Secció de Ciències |9 54840 | |
| 901 | |a Arxiu | ||
| 942 | |n 1 | ||
| 952 | |0 0 |1 0 |4 0 |6 FU415 |7 1 |9 42696 |a Arxiu |b Arxiu |d 2016-12-01 |l 0 |o FU-4-15 |p 8904 |r 2016-12-01 00:00:00 |w 2016-12-01 |y ARXIU | ||
| 999 | |c 45202 |d 45202 | ||